ბათუმის შოთა რუსთაველის სახელმწიფო უნივერსიტეტის ბიბლიოთეკა

რელიგია : სამეცნიერო-საღვთისმეტყველო ჟურნალი:2011 #2 (ბიბ.ჩანაწერი № 53606)

000 -LEADER
fixed length control field 01158nam a2200229Ia 4500
001 - CONTROL NUMBER
control field 20653
003 - CONTROL NUMBER IDENTIFIER
control field GE_BSU
008 - FIXED-LENGTH DATA ELEMENTS--GENERAL INFORMATION
fixed length control field 181216s||||||||xx |||||||||||||| ||und||
040 ## - CATALOGING SOURCE
Transcribing agency GE_BSU
245 ## - TITLE STATEMENT
Title რელიგია : სამეცნიერო-საღვთისმეტყველო ჟურნალი:2011 #2
245 ## - TITLE STATEMENT
Statement of responsibility, etc. სარედ:საბჭ.მიტროპოლიტი სერგი ჩეკურიშვილი;პ.მგ.მდივანი რისმაგ გორდეზიანი და სხვ.
260 ## - PUBLICATION, DISTRIBUTION, ETC.
Place of publication, distribution, etc. თბილისი
260 ## - PUBLICATION, DISTRIBUTION, ETC.
Name of publisher, distributor, etc. გ.გ
260 ## - PUBLICATION, DISTRIBUTION, ETC.
Date of publication, distribution, etc. 2011
300 ## - PHYSICAL DESCRIPTION
Extent 96გვ;26სმ.
300 ## - PHYSICAL DESCRIPTION
Other physical details გარეკანის პირველი გვერდი ილ.
520 ## - SUMMARY, ETC.
Summary, etc. ჟურნალი დაარსდა 1992 წელს ვიქტორ რცხილაძის თაოსნობით.
653 ## - INDEX TERM--UNCONTROLLED
Uncontrolled term პერიოდიკა
653 ## - INDEX TERM--UNCONTROLLED
Uncontrolled term რელიგია
653 ## - INDEX TERM--UNCONTROLLED
Uncontrolled term რელიგია : სამეცნიერო-საღვთისმეტყველო ჟურნალი:2011 #2
942 ## - ADDED ENTRY ELEMENTS (KOHA)
Koha item type პერიოდიკა
ეგზემპლარები
Withdrawn status Lost status Damaged status Not for loan Date acquired Barcode Date last seen Price effective from Koha item type
        2018-12-17 პ78549 2018-12-17 2018-12-17 პერიოდიკა